Разработка метода неразрушающего контроля дефектности крупногабаритных изделий из бетона по параметрам электрического отклика на ударное возбуждение; Неразрушающий контроль: электронное приборостроение, технологии, безопасность; Т. 1

Opis bibliograficzny
Parent link:Неразрушающий контроль: электронное приборостроение, технологии, безопасность: сборник трудов III Всероссийской научно-практической конференции студентов, аспирантов и молодых учёных, Томск, 27-31 мая 2013 г./ Национальный исследовательский Томский политехнический университет (ТПУ).— , 2013
Т. 1.— 2013.— [С. 87-90]
1. autor: Чеховских С. И.
Korporacja: Национальный исследовательский Томский политехнический университет (ТПУ) Институт неразрушающего контроля (ИНК) Кафедра физических методов и приборов контроля качества (ФМПК)
Kolejni autorzy: Фурса Т. В. Татьяна Викторовна (научный руководитель)
Streszczenie:Заглавие с титульного экрана
Język:rosyjski
Wydane: 2013
Seria:Современные системы и технологии в неразрушающем контроле
Hasła przedmiotowe:
Dostęp online:http://www.lib.tpu.ru/fulltext/c/2013/C36/V1/026.pdf
Format: MixedMaterials Elektroniczne Rozdział
KOHA link:https://koha.lib.tpu.ru/cgi-bin/koha/opac-detail.pl?biblionumber=603317

MARC

LEADER 00000naa2a2200000 4500
001 603317
005 20260227092925.0
035 |a (RuTPU)RU\TPU\conf\501 
035 |a RU\TPU\conf\500 
090 |a 603317 
100 |a 20140110d2013 k y0rusy50 ca 
101 0 |a rus 
102 |a RU 
135 |a drnn ---uucaa 
181 0 |a i  
182 0 |a b 
200 1 |a Разработка метода неразрушающего контроля дефектности крупногабаритных изделий из бетона по параметрам электрического отклика на ударное возбуждение  |f С. И. Чеховских  |g науч. рук. Т. В. Фурса 
203 |a Текст  |c электронный 
225 1 |a Современные системы и технологии в неразрушающем контроле 
300 |a Заглавие с титульного экрана 
320 |a [Библиогр.: с. 89-90 (3 назв.)] 
337 |a Adobe Reader 
461 1 |0 (RuTPU)RU\TPU\conf\33  |t Неразрушающий контроль: электронное приборостроение, технологии, безопасность  |o сборник трудов III Всероссийской научно-практической конференции студентов, аспирантов и молодых учёных, Томск, 27-31 мая 2013 г.  |o в 2 т.  |f Национальный исследовательский Томский политехнический университет (ТПУ)  |d 2013 
463 1 |0 (RuTPU)RU\TPU\conf\34  |t Т. 1  |v [С. 87-90]  |d 2013 
610 1 |a труды учёных ТПУ 
610 1 |a электронный ресурс 
610 1 |a неразрушающий контроль 
610 1 |a дефектность 
610 1 |a крупногабаритные изделия 
610 1 |a электрический отклик 
610 1 |a ударное возбуждение 
700 1 |a Чеховских  |b С. И. 
702 1 |a Фурса  |b Т. В.  |c специалист в области неразрушающего контроля  |c ведущий научный сотрудник Томского политехнического университета, доктор технических наук  |f 1951-  |g Татьяна Викторовна  |4 727 
712 0 2 |a Национальный исследовательский Томский политехнический университет (ТПУ)  |b Институт неразрушающего контроля (ИНК)  |b Кафедра физических методов и приборов контроля качества (ФМПК)  |3 (RuTPU)RU\TPU\col\18709 
801 2 |a RU  |b 63413507  |c 20140206  |g RCR 
856 4 |u http://www.lib.tpu.ru/fulltext/c/2013/C36/V1/026.pdf 
942 |c BK